000 00576nam a22001937a 4500
003 OSt
005 20251106024115.0
008 251106b |||||||| |||| 00| 0 eng d
020 _a81-7301-891-x.
040 _aDWCL-Admin lib
_cOC
082 _aCirc. 635 D771 2006
100 _aStepanova, Iryna
245 _a Dreamland's enjoy making models of vegetables /
_cIryna Stepanova
260 _a New Delhi :
_bDreamland Pub. ,
_cc2006
300 _a 32 p. : col. ill. ;
_c28 cm.
650 _a1. Vegetables.
700 _aKabachenko, Sergiy
942 _2ddc
_cBK-CIRC
_kCirc.
_n0
999 _c5544
_d5544